[Event "Challenge"]
[Site "http://www.queenalice.com/game.php?id=66328"]
[Date "2006.5.2"]
[Round "-"]
[White "edsonholanda"]
[Black "hyr4x"]
[Result "0-1"]
[WhiteElo "1392"]
[BlackElo "1338"]

1. e4 e5 2. Nf3 Nf6 3. Nc3 Nc6 4. d3 h6 5. g3 Bc5 6. Na4 Qe7 7. Be2 O-O 8. O-O
d5 9. exd5 Nxd5 10. c4 Bh3 11. Re1 Nf6 12. Nxc5 Qxc5 13. Be3 Qe7 14. d4 exd4 15.
Bxd4 Rad8 16. Qa4 Nxd4 17. Nxd4 Rxd4 18. Rad1 Qc5 19. Rxd4 Qxd4 20. Rd1 Qe4 21.
Bf1 Bg4 22. Bg2 Bxd1 23. Qxd1 Qxc4 24. b3 Qc5 25. Bxb7 c6 26. Qb1 Qb5 27. Bxc6
Qxc6 28. a4 Ne4 29. Qd3 Re8 30. f3 Qc1+ 31. Kg2 Qd2+ 32. Qxd2 Nxd2 33. b4 Re2+
34. Kh3 Nxf3 35. b5 Rxh2+ 36. Kg4 Ne5+ 37. Kf4 Re2 38. a5 Nc4 39. g4 Nxa5 40. g5
hxg5+ 41. Kxg5 Rf2 42. Kg4 Rb2 43. Kf4 Rxb5 44. Kg4 Nb3 45. Kf4 a5 46. Ke3 a4
47. Kd3 Na5 48. Kc3 Rb3+ 49. Kc2 a3 50. Kd2 a2 51. Kc2 a1=Q 52. Kd2 Qa2+ 53. Ke1
Rb1# 0-1

[Event "Challenge"]
[Site "http://www.queenalice.com/game.php?id=68010"]
[Date "2006.5.9"]
[Round "-"]
[White "hyr4x"]
[Black "AAmorim"]
[Result "1-0"]
[WhiteElo "1329"]
[BlackElo "1287"]

1. e4 c5 2. Nc3 Nc6 3. Nf3 a6 4. d4 e6 5. a3 d5 6. dxc5 dxe4 7. Qxd8+ Nxd8 8.
Nxe4 f5 9. Nc3 Bxc5 10. Bg5 Nf7 11. Na4 Bd6 12. Nb6 Rb8 13. Nc4 b5 14. Na5 Nxg5
15. Nxg5 Be5 16. Nc6 Bxb2 17. Rd1 Rb6 18. Rd8# 1-0

[Event "Challenge"]
[Site "http://www.queenalice.com/game.php?id=68964"]
[Date "2006.5.13"]
[Round "-"]
[White "azumi"]
[Black "hyr4x"]
[Result "1-0"]
[WhiteElo "1478"]
[BlackElo "1362"]

1. d4 d5 2. e4 dxe4 3. Bc4 Nf6 4. Be3 a6 5. a4 e6 6. Nc3 Bb4 7. Ne2 O-O 8. O-O
Bxc3 9. bxc3 Ng4 10. Ng3 e5 11. Nxe4 exd4 12. Bxd4 b6 13. h3 c5 14. Be3 Qxd1 15.
Rfxd1 Bf5 16. Bd5 Ra7 17. hxg4 Bxg4 18. Rab1 Bxd1 19. Rxd1 h6 20. g4 Rd7 21. f4
Re8 22. Rd3 a5 23. g5 Na6 24. gxh6 gxh6 25. Nf6+ Kh8 26. Nxd7 Rg8+ 27. Kf2 Rd8
28. Bxf7 1-0

[Event "Challenge"]
[Site "http://www.queenalice.com/game.php?id=158039"]
[Date "2007.1.23"]
[Round "-"]
[White "hyr4x"]
[Black "edsonholanda"]
[Result "1-0"]
[WhiteElo "1373"]
[BlackElo "1510"]

1. e4 e5 2. Nf3 Nc6 3. Bc4 Nf6 4. d3 d6 5. h3 d5 6. exd5 Nxd5 7. O-O Bc5 8. Bb5
O-O 9. Bxc6 bxc6 10. Nxe5 Qf6 11. d4 Bb6 12. Be3 Nxe3 13. fxe3 Qg5 14. Qf3 f6
15. Nxc6 Ba6 16. Rd1 Bb7 17. Ne7+ Kf7 18. Qxb7 Kxe7 19. Nc3 Qxe3+ 20. Kh1 Rab8
21. Qc6 Qe6 22. Re1 Qxe1+ 23. Rxe1+ Kf7 24. Qd5+ Kg6 25. Ne2 Rbd8 26. Nf4+ Kh6
27. Qh5# 1-0

[Event "Challenge"]
[Site "http://www.queenalice.com/game.php?id=163983"]
[Date "2007.2.5"]
[Round "-"]
[White "Delikz"]
[Black "hyr4x"]
[Result "1-0"]
[WhiteElo "1411"]
[BlackElo "1456"]

1. e3 e5 2. Nf3 Nc6 3. c3 d5 4. Qb3 Bf5 5. Qxb7 Na5 6. Qb5+ c6 7. Qa4 Bd6 8. b4
Nc4 9. Qxc6+ Bd7 10. Qxd5 Be6 11. Qb5+ Kf8 12. Bxc4 a6 13. Qc6 Rc8 14. Qxa6 Bxc4
15. Qb7 Ne7 16. Ng5 h6 17. Ne4 Rc7 18. Qb6 Nd5 19. Qxd6+ 1-0

[Event "AUTO-INT-336"]
[Site "http://www.queenalice.com/game.php?id=164199"]
[Date "2007.2.6"]
[Round "1"]
[White "nandolessa"]
[Black "hyr4x"]
[Result "1-0"]
[WhiteElo "1577"]
[BlackElo "1443"]

1. e4 e5 2. Nf3 d6 3. h3 Nf6 4. Nc3 Be7 5. Bc4 O-O 6. O-O c6 7. d3 d5 8. exd5
cxd5 9. Bb3 Nc6 10. Re1 Bb4 11. Bd2 d4 12. Ne4 Bxd2 13. Qxd2 Qe7 14. Nxf6+ Qxf6
15. Qg5 Qd6 16. Nxe5 Nxe5 17. Qxe5 Qg6 18. g4 Rd8 19. Qe8+ 1-0

[Event "AUTO-INT-336"]
[Site "http://www.queenalice.com/game.php?id=164200"]
[Date "2007.2.6"]
[Round "1"]
[White "hyr4x"]
[Black "nandolessa"]
[Result "1-0"]
[WhiteElo "1427"]
[BlackElo "1608"]

1. e4 e5 2. Bc4 Nf6 3. d3 Be7 4. Nf3 Nc6 5. a3 d5 6. exd5 Nxd5 7. h3 O-O 8. O-O
Na5 9. Nxe5 Nxc4 10. Nxc4 Re8 11. Bd2 b5 12. Ne3 Nxe3 13. Bxe3 a6 14. Re1 Bd6
15. Qf3 Ra7 16. Nc3 Bb7 17. Ne4 Ra8 18. Qg4 Bc8 19. Qh5 g6 20. Qh6 Bf5 21. Bg5
Be7 22. Qh4 Bxe4 23. Rxe4 Bxg5 24. Rxe8+ Qxe8 25. Qxg5 Qe2 26. Qc5 Rc8 27. Qc6
Qe6 28. Qf3 Qe5 29. c3 Re8 30. d4 Qe2 31. Qc6 Re6 32. Qxc7 Qxb2 33. Rd1 Qxa3 34.
d5 Rd6 35. c4 bxc4 36. Qxc4 a5 37. Qd4 Qb3 38. Rc1 Qb7 39. Rc5 a4 40. Qc3 f6 41.
Rc8+ Kg7 42. Rc7+ 1-0

[Event "AUTO-INT-336"]
[Site "http://www.queenalice.com/game.php?id=164211"]
[Date "2007.2.6"]
[Round "1"]
[White "Mikalus"]
[Black "hyr4x"]
[Result "1-0"]
[WhiteElo "1656"]
[BlackElo "1412"]

1. e4 e5 2. Nf3 d6 3. Nc3 Nf6 4. d4 Bg4 5. dxe5 Bxf3 6. Qxf3 dxe5 7. Bg5 Be7 8.
Bc4 h6 9. Bh4 c6 10. O-O Nbd7 11. Rad1 Qb6 12. b3 Rd8 13. Ne2 Nc5 14. Ng3 Nfxe4
15. Qxf7# 1-0

[Event "AUTO-INT-336"]
[Site "http://www.queenalice.com/game.php?id=164212"]
[Date "2007.2.6"]
[Round "1"]
[White "hyr4x"]
[Black "Mikalus"]
[Result "1-0"]
[WhiteElo "1401"]
[BlackElo "1673"]

1. e4 e5 2. Bc4 Nf6 3. d3 Nc6 4. c3 Bc5 5. Nf3 d6 6. h3 a6 7. a3 b5 8. Ba2 Bb7
9. d4 exd4 10. cxd4 Bb6 11. O-O O-O 12. Nc3 Nh5 13. Nd5 Na5 14. Bg5 Qc8 15. Ne7+
Kh8 16. Nxc8 1-0

[Event "AUTO-OPEN-545"]
[Site "http://www.queenalice.com/game.php?id=164272"]
[Date "2007.2.6"]
[Round "1"]
[White "bazzo0815"]
[Black "hyr4x"]
[Result "1-0"]
[WhiteElo "1831"]
[BlackElo "1427"]

1. Nf3 d5 2. g3 Nc6 3. d4 e6 4. Bg2 h6 5. O-O Nf6 6. b3 Bd6 7. Bb2 O-O 8. Nbd2
e5 9. dxe5 Bxe5 10. Nxe5 Nxe5 11. Bxe5 Ng4 12. Bb2 b6 13. c4 c6 14. cxd5 cxd5
15. e3 Ba6 16. Re1 Qg5 17. Nf3 Qf5 18. Nd4 Qxf2+ 19. Kh1 Nxe3 20. Rxe3 Qxe3 21.
Nf5 Qf2 22. Nxh6+ gxh6 23. Qg4+ 1-0

[Event "AUTO-OPEN-545"]
[Site "http://www.queenalice.com/game.php?id=164273"]
[Date "2007.2.6"]
[Round "1"]
[White "hyr4x"]
[Black "bazzo0815"]
[Result "0-1"]
[WhiteElo "1427"]
[BlackElo "1833"]

1. e4 e6 2. d4 d5 3. e5 b6 4. Nf3 Ne7 5. Bg5 h6 6. Bxe7 Bxe7 7. Bb5+ c6 8. Bd3
Ba6 9. Bxa6 Nxa6 10. O-O c5 11. dxc5 Nxc5 12. Nc3 O-O 13. Nd4 a6 14. Nc6 Qc7 15.
Nxe7+ Qxe7 16. b3 Rfc8 17. a4 Qb7 18. h3 Nxb3 19. cxb3 Rxc3 20. Rc1 Rac8 21. Qd2
Qc7 22. Rxc3 Qxc3 23. Qe2 Qxb3 24. Qxa6 Qc4 25. Rb1 Qxa6 0-1

[Event "AUTO-OPEN-545"]
[Site "http://www.queenalice.com/game.php?id=164300"]
[Date "2007.2.6"]
[Round "1"]
[White "hyr4x"]
[Black "Pluka"]
[Result "1-0"]
[WhiteElo "1435"]
[BlackElo "1844"]

1. e4 e5 2. Bc4 Nf6 3. d3 Nc6 4. Nf3 Bc5 5. c3 d6 6. d4 Bb6 7. Bd3 exd4 8. cxd4
Nxd4 9. Nxd4 Bxd4 10. Bb5+ c6 11. Bxc6+ bxc6 12. Qxd4 O-O 13. O-O Ba6 14. Re1
Qa5 15. Bd2 Qc7 16. Nc3 c5 17. Nd5 Qd8 18. Nxf6+ gxf6 19. Qe3 Re8 20. Qh6 Qe7
21. Bc3 Bc8 22. Bxf6 Qxf6 23. Qxf6 Re6 24. Qf3 Rg6 25. e5 Rb8 26. exd6 Bd7 27.
Re7 Be6 28. d7 Bxd7 29. Qxf7+ 1-0

[Event "AUTO-OPEN-545"]
[Site "http://www.queenalice.com/game.php?id=164301"]
[Date "2007.2.6"]
[Round "1"]
[White "Pluka"]
[Black "hyr4x"]
[Result "0-1"]
[WhiteElo "1879"]
[BlackElo "1441"]

1. e4 e5 2. Nf3 d6 3. Bb5+ c6 4. Ba4 b5 5. Bb3 Nf6 6. Nc3 b4 7. Ng5 Be6 8. Ne2
Bxb3 9. axb3 d5 10. d3 c5 11. c4 d4 12. O-O Be7 13. Ne6 fxe6 14. Ng3 O-O 15. Qf3
h6 16. Ne2 Qe8 17. Qg3 Qh5 18. f3 Nh7 19. Ra5 Nd7 20. Ra6 Bg5 21. Rxe6 Bxc1 22.
Rxc1 Ng5 23. Re7 Nf6 24. Rxe5 Nd7 25. Re7 Rad8 26. Nf4 Nxf3+ 27. gxf3 Qg5 28.
Nd5 Qxc1+ 29. Kf2 Rxf3+ 30. Kxf3 Rf8+ 31. Nf4 Qd1+ 32. Kg2 Qd2+ 33. Kh3 Qe3 34.
Kg2 Qd2+ 35. Kh3 g5 36. Ne6 Rf7 37. Rxd7 Rxd7 38. Qb8+ Kf7 39. Nxc5 Qe3+ 40. Kg4
Re7 41. h3 Kg7 0-1

[Event "Challenge"]
[Site "http://www.queenalice.com/game.php?id=179856"]
[Date "2007.3.10"]
[Round "-"]
[White "edsonholanda"]
[Black "hyr4x"]
[Result "0-1"]
[WhiteElo "1522"]
[BlackElo "1471"]

1. e4 e5 2. Nf3 d6 3. Bc4 g6 4. O-O Bg7 5. d3 Nf6 6. Bg5 O-O 7. Nc3 c6 8. d4
exd4 9. Nxd4 b5 10. Bb3 Ba6 11. Re1 Qc8 12. Qf3 Nbd7 13. Qh3 b4 14. Nce2 Nxe4
15. Rad1 Nxg5 16. Qg3 Ne4 17. Qxd6 Nxd6 18. a3 Bxe2 19. Nxe2 Nf5 20. Nd4 Nxd4
21. Rxd4 Bxd4 22. g3 Re8 23. Rd1 c5 24. axb4 Re2 25. bxc5 Qxc5 26. c3 Bxf2+ 27.
Kf1 Rae8 28. Rxd7 Re1+ 29. Kg2 Rg1+ 30. Kh3 Qf5+ 31. g4 Qxg4# 0-1

[Event "Challenge"]
[Site "http://www.queenalice.com/game.php?id=192481"]
[Date "2007.4.5"]
[Round "-"]
[White "hyr4x"]
[Black "edsonholanda"]
[Result "1-0"]
[WhiteElo "1489"]
[BlackElo "1505"]

1. e4 e5 2. g3 Nf6 3. Bg2 c6 4. d3 Bc5 5. Qe2 O-O 6. c3 b6 7. Nf3 d5 8. Nxe5
dxe4 9. dxe4 Bg4 10. Nxg4 Nxg4 11. Qxg4 Re8 12. O-O Nd7 13. Rd1 Qf6 14. Bf4 Rxe4
15. Bxe4 Ne5 16. Bxe5 Qxe5 17. Nd2 g6 18. Bxc6 f5 19. Qc4+ Kf8 20. Bxa8 f4 21.
Qxf4+ Qxf4 22. gxf4 Kf7 23. Ne4 Ke6 24. Nxc5+ bxc5 25. Rd5 c4 26. Re1+ Kf6 27.
h4 h5 28. Rd6+ Kf5 29. Re4 Kg4 30. Rd5 Kh3 31. f5 gxf5 32. Rxf5 a5 33. Rf3# 1-0